000 00366nam a22001337a 4500
082 _a621
_bCOM
_cL-13, P-11
110 _aSmith D. J.
_941016
245 _aComplete engineer
_cLt Col D. J. Smith
260 _aLondon
_bGeorge Newnes Limited
300 _aiii, 628.p:
_bVolume-II
526 _a0
_b0
_c0
_d621_000000000000000_COM
650 _aMCE
_9379
942 _2ddc
_cBK
999 _c545221
_d545221